| 000 | 00429nam a22001337a 4500 | ||
|---|---|---|---|
| 003 | NUST | ||
| 020 | _a2881450938 | ||
| 082 |
_a361.77 _bICR 2005 |
||
| 245 |
_aTo serve and to protect : Human rights and Humanitarian law for police and security forces _c ICRC, Rover, C de |
||
| 260 |
_aGeneva _bICRC _c2005 |
||
| 300 | _a455p, | ||
| 650 | _2International Humanitarian law, Laws of war on Land, Armed conflict | ||
| 942 |
_2ddc _cBK |
||
| 999 |
_c612787 _d612787 |
||